00844nam a2200205 a 450000100100000000500170001000800410002702000180006804000250008608200170011110000350012824501800016326000280034330000270037149000440039850400730044250400330051570000460054883000440059400004127320201002034739.0130927s2000 sp 000 0 spa d a9788400078546 aDO-SdBNPbspacBNPHU axxxxxbxxxxx1 aGonzález Casasnovas, Ignacio14aLas dudas de la corona :bla política de repartimiento para la minería de Potosí (1680-1732) /cIgnacio González Casasnovas ; prólogo Juan Pérez de Tudela y Bueno. aMadrid, :bCSIC,c2000. aviii, 475 p. ;c24 cm.1 aBiblioteca de historia de américav20 aIncluye referencias bibliográficas y notas al pie de las páginas aBibliografías : p. 463-4751 aPérez Tudela y Bueno, Juan de,epról. 4aBiblioteca de historia de américan20